Roll Call - Warriors - Statistics

General Stats
  • This quiz has been taken 4 times
  • The average score is 220 of 319
Answer Stats
Hint Answer % Correct
Roll Call .
100%
a
100%
Ajax
100%
are
100%
Cleon As
100%
as
100%
can
100%
DJ Can
100%
clean
100%
Cleon!
100%
Roll Call Cochise!
100%
Cowgirl & Fox Come
100%
Cowgirl!
100%
down,
100%
down
100%
Every
100%
every
100%
far
100%
Fox
100%
from
100%
Cleon From
100%
go
100%
goes
100%
here
100%
in
100%
is
100%
Island
100%
it
100%
keep
100%
of
100%
out
100%
DJ Pon
100%
Rembrandt!
100%
Rembrandt,
100%
safe,
100%
see
100%
shit
100%
station
100%
Swan
100%
the
100%
The
100%
to
100%
top
100%
war
100%
Warriors
100%
Cleon Warriors,
100%
Ajax | Cleon & Swan | Swan | Warriors We
100%
we
100%
Wheel...
100%
When
100%
when
100%
who
100%
why
100%
Ajax & Rembrandt Why
100%
With
100%
with
100%
Wonder
100%
you
100%
You
100%
all
67%
and
67%
Ajax & Rembrandt | Cleon & Cochise | Swan And
67%
back
67%
be
67%
beat
67%
better
67%
boardwalk
67%
Cleon But
67%
by
67%
Cleon & Cochise 'Cause
67%
Coney
67%
Creek
67%
crown
67%
Cyrus
67%
de
67%
fly-by-night
67%
fuck
67%
gang
67%
going
67%
gone
67%
gotta
67%
happen
67%
happens
67%
have
67%
Cleon Hey!
67%
DJ | DJ & Cleon | DJ, Cleon & Swan Hey
67%
hold
67%
holds
67%
Swan If
67%
know
67%
leavin'?
67%
long
67%
made
67%
magic
67%
my
67%
need
67%
never
67%
night
67%
night...
67%
Cleon No!
67%
no
67%
now...
67%
NY?
67%
on
67%
on?
67%
our
67%
pack
67%
packin'
67%
play...
67%
really
67%
reason
67%
Rep
67%
replay!
67%
should
67%
sideways...
67%
Ajax So
67%
subway
67%
summer,
67%
that
67%
Swan Think
67%
this
67%
This
67%
truce
67%
truth
67%
uptown?
67%
uptown...
67%
wanna
67%
wants
67%
way
67%
we're
67%
Cleon & Cochise | Swan & Fox We're
67%
Swan & Ajax We've
67%
what
67%
Rembrandt What?
67%
where
67%
Rembrandt Yeah
67%
anybody
33%
boppers
33%
bring
33%
Bring
33%
cans
33%
capiche?
33%
Cortlandt
33%
delegates
33%
else...
33%
everybody
33%
get
33%
graphic
33%
hands
33%
happenin'
33%
havoc
33%
intervene
33%
Fox | Fox & Cowgirl | Swan It's
33%
Train conductor Last
33%
like
33%
lotta
33%
midnight
33%
NYC
33%
ourselves
33%
Park
33%
park
33%
ready.
33%
ready
33%
seven
33%
shore
33%
spark
33%
static,
33%
Stillwell
33%
stop,
33%
stuck
33%
All five boroughs Survive
33%
swagger
33%
sweet
33%
taggin'
33%
testin'
33%
these
33%
traffic
33%
Cowgirl Uh-huh
33%
Van
33%
Vests
33%
Whole
33%
will
33%
Fox Word
33%
wreak
33%
Ajax Yes,
33%
your
33%
at
0%
Bronx!
0%
chrome
0%
crew
0%
don't
0%
each
0%
head
0%
high
0%
home,
0%
Leave
0%
means
0%
run
0%
set
0%
stands
0%
unify
0%
weapons
0%
(x4)
0%
No matching quizzes found
Score Distribution
Percent of People with Each Score
Percentile by Number Answered
Your Score History
You have not taken this quiz